| 000 | 00877nam a2200181 4500 | ||
|---|---|---|---|
| 001 | 135974 | ||
| 003 | ES-MaACL | ||
| 005 | 20230906195014.0 | ||
| 007 | t| | ||
| 008 | 070214s1967 sp r ||||1| spa d | ||
| 100 | 1 |
_aRuiz y González de Linares, Ernesto. _9100956 |
|
| 245 | 1 | 0 |
_aBurgos ante la política monetaria del siglo XVII _b: discurso / _cleído, con fecha de 25 de noviembre de 1966, en el acto solemne de su recepción como Académico Numerario de la Institución Fernán González, por Don Ernesto Ruiz y González de Linares ; y contestación y bienvenida por el también Académico Numerario, Don Julián Lizondo Gascueña. |
| 260 |
_aBurgos : _bInstitución Fernán González, _c1967. |
||
| 300 |
_a76 p. ; _c25 cm. |
||
| 700 | 1 |
_aLizondo Gascueña, Julián. _972631 |
|
| 710 | 2 |
_aInstitución Fernán González. _94720 |
|
| 852 |
_aES-MaACL _jC-32356 _bR.63178 |
||
| 999 |
_c135974 _d135974 |
||